000 00467nam a2200229Ia 4500
003 IT-RoPAU
008 120407s9999 xx 000 0 und d
040 _aIT-RoPAU
040 _cIT-RoPAU
041 _aita
100 _aGiovanni Arpino
245 _aUn delitto d’onore.
250 _aMilano
260 _aMondadori
260 _c1979
300 _a185 p.
300 _c18.5 cm
490 _aOscar, 18
490 _v1
942 _cBK
999 _c27627
_d27627